Fire Emblem Playable Characters - V - Statistics

General Stats
  • This quiz has been taken 105 times
    33 since last reset
  • The average score is 11 of 19
Answer Stats
Answer % Correct
Valbar
86%
Váli
79%
Vander
79%
Virion
79%
Vanessa
71%
Veyle
71%
Vaida
64%
Validar
64%
Vaike
57%
Valter
57%
Vika
57%
Volug
57%
Vanitas
50%
Veronica
50%
Vyland
50%
Velouria
43%
Vigarde
43%
Veld
36%
Volke
36%
No matching quizzes found
Score Distribution
Percent of People with Each Score
Percentile by Number Answered
Your Score History
You have not taken this quiz since the last reset